000
00295nam a22001337a 4500
008
171012b xxu||||| |||| 00| 0 eng d
020
_a
9780132287692
041
_a
eng
080
_a
316
100
_a
50
101
_a
SOC
245
_a
MARRIAGES AND FAMILIES
_c
SCHWARTZ, M.A
942
_2
udc
_c
BK
999
_c
33314
_d
33314